| 000 | 00952nam a22000977a 4500 | ||
|---|---|---|---|
| 008 | 140528b xxu||||| |||| 00| 0 eng d | ||
| 010 | _8CCCP-86 | ||
| 245 |
_aCONSTITUTIONAL COURT COUNSTITUTIONAL PETITION No.16 of 2013 Hon.LT (RTD) Saleh M.W.Kamba and anor Vs The Attorney General of Uganda,Hon. Theodore Ssekikubo and others, CONSTITUTIONAL PETITION No.19 of 2013 Joseph Kwesiga Vs The Attorney General of Uganda, CONSTITUTIONAL PETITION No.21 of 2013 National Resistence Movement Vs The Attorney General of Uganda, Hon.Theodore Ssekikubo and others, CONSTITUTIONAL PETITION No.25 of 2013 _bCONSTITUTIONAL COURT COUNSTITUTIONAL PETITION |
||
| 260 |
_aKampala Uganda _bConstitutional Court _c21st feb 2014 |
||
| 500 |
_3Coram: HON.MR.JUSTICE S.B.KAVUMA AG. DCJ/PCC
HON. MR.JUSTICE A.S. NSHIMYE JA/JCC
HON.MR. JUSTICE REMMY KASULE JA/JCC
HON. LADY JUSTICE FAITH MWONDHA JA/JCC
HON.MR. JUSTICE RICHARD BUTEERA JA/JCC _aIN THIS CASE JUSTICE REMMY KASULE DISSENTED |
||
| 999 |
_c5856 _d5856 |
||